Statistics for Who Played Doctor Who?

Click here to take the quiz!

General Stats

  • This quiz has been taken 22 times
    (15 since last reset)
  • The average score is 11 of 13

Answer Stats

DoctorActor% Correct
Fourth DoctorTom Baker
100%
First DoctorWilliam Hartnell
93%
Ninth DoctorChristopher Eccleston
87%
Tenth DoctorDavid Tennant
87%
Thirteenth DoctorJodie Whittaker
87%
Eleventh DoctorMatt Smith
87%
Twelfth DoctorPeter Capaldi
87%
Third DoctorJon Pertwee
80%
Eighth DoctorPaul McGann
80%
Seventh DoctorSylvester McCoy
80%
Sixth DoctorColin Baker
73%
Second DoctorPatrick Troughton
73%
Fifth DoctorPeter Davison
73%

Score Distribution

Percentile by Number Answered

Percent of People with Each Score

Your Score History

You have not taken this quiz since the last reset